000 00384 a2200157 4500
001 75730
020 _a9788576764397 (broch.)
040 _cAnchieta - Colégio São Paulo
100 _aDuarte, Pamela.
240 1 0 _aBarbie em o dragão de gelo
_lpor
245 1 0 _aBarbie em o dragão de gelo
300 _a29p.
362 0 _a2008
650 4 _aLiteratura infantil
942 _cBK
999 _c75730
_d75730